00767 2200205 4500001002100000005001500021035002000036245007100056100002400127250001700151300002800168260003100196082001100227084001700238020002200255650001400277520021300291008004100504990001600545INLIS00000000000005520240322081000 a0010-03240000551 aSeri Fabel Sains :bHore, Aku Bisa Terbang! /cRirin Astutiningrum0 aRirin Astutiningrum acetakan ke-1 a36 hlm :bilus ;c19 cm aSolo :bTiga Ananda,c2019 a398.24 a398.24 RIR s a978-623-206-030-2 4aBuku Anak aRara si rayap sedang sedih. Lala si lalat sering mengejeknya karena tidak dapat terbang. Namun, menurut sang ibu, Rara dapat terbang suatu saat nanti. Bagaimana caranya? Akankah Rara benar-benar bisa terbang?240322 b j ind  a00000000055